Análisis de conversaciones en aulas de básica primaria de San Gil (Record no. 185683)
[ view plain ]
| 000 -CABECERA | |
|---|---|
| campo de control de longitud fija | 02053nab a2200301 a 4500 |
| 005 - FECHA Y HORA DE LA ÚLTIMA TRANSACCIÓN | |
| campo de control | 20250211113035.0 |
| 008 - ELEMENTOS DE LONGITUD FIJA--INFORMACIÓN GENERAL | |
| campo de control de longitud fija | 991125c2016 ck fr p o 000 0 spa d |
| 035 ## - NÚMERO DE CONTROL DEL SISTEMA | |
| Número de control de sistema | UPN01000213583 |
| 040 ## - FUENTE DE LA CATALOGACIÓN | |
| Centro catalogador/agencia de origen | UPN |
| Lengua de catalogación | spa |
| Centro/agencia transcriptor | UPN |
| Normas de descripción | aacr2 |
| 049 ## - COLECCIÓN | |
| Colección | ART-E |
| 100 1# - ASIENTO PRINCIPAL--NOMBRE PERSONAL | |
| Nombre de persona | Barragán Santos, Fabio Enrique |
| Enlace | - fbarragan@unisangil.edu.co |
| 100 1# - ASIENTO PRINCIPAL--NOMBRE PERSONAL | |
| Nombre de persona | Sánchez Cubillos, Sandra Iveth |
| 100 1# - ASIENTO PRINCIPAL--NOMBRE PERSONAL | |
| Nombre de persona | Neira Camacho, Sandra Milena |
| 245 10 - MENCIÓN DE TÍTULO | |
| Título | Análisis de conversaciones en aulas de básica primaria de San Gil |
| 506 0# - NOTA DE RESTRICCIONES AL ACCESO | |
| Limitaciones de acceso | Acceso abierto |
| 520 3# - NOTA DE RESUMEN, ETC. | |
| Sumario, etc. | La intención de este proyecto fue analizar la correspondencia entre los lineamientos trazados por el programa “La aventura de la vida” (LAV) y diez sesiones realizadas por docentes de San Gil (Colombia). Se recolectó información audiovisual y fotográfica en cada sesión; se clasificó y transcribió esta información y por último se codificó en categorías preestablecidas y emergentes: las primeras fueron encanto, confianza e investigación, pilares de la conversación según LAV; las segundas fueron fuentes de información, gestión del discurso, preguntas, respuestas, entorno y otras actividades. Los resultados señalaron que: las docentes consiguieron confianza y encanto, pero estos resultaron poco duraderos; faltó favorecer la investigación; los discursos fueron autogestionados por las docentes; las preguntas resultaron casi siempre cerradas. Hay notorias distancias entre lineamientos y sesiones. Se recomiendan transformaciones en el rol docente como plurigestionar el discurso y modificar su actitud correctiva ante las intervenciones de los estudiantes. |
| 650 #2 - ASIENTO SECUNDARIO DE MATERIA - TERMINO TEMATICO | |
| Término de materia o nombre geográfico como elemento de entrada | Confianza |
| 9 (RLIN) | 26024 |
| 650 #4 - ASIENTO SECUNDARIO DE MATERIA - TERMINO TEMATICO | |
| Término de materia o nombre geográfico como elemento de entrada | Investigación |
| 9 (RLIN) | 7412 |
| 653 0# - TERMINO DE INDIZACION - NO CONTROLADO | |
| Término no controlado | Plurigestión |
| 653 0# - TERMINO DE INDIZACION - NO CONTROLADO | |
| Término no controlado | Autogestión |
| 653 0# - TERMINO DE INDIZACION - NO CONTROLADO | |
| Término no controlado | Encanto |
| 653 0# - TERMINO DE INDIZACION - NO CONTROLADO | |
| Término no controlado | Didáctica |
| 773 ## - ENLACE AL DOCUMENTO FUENTE/ENTRADA DE REGISTRO ANFITRIÓN | |
| Parte(s) relacionada(s) | Vol. 15, no. 1 (2016), p. 73-88 |
| Título | Infancias imagenes |
| Número Internacional Normalizado para Publicaciones Seriadas | 1657-9089 |
| 856 4# - LOCALIZACIÓN Y ACCESO ELECTRÓNICOS | |
| Identificador Uniforme del Recurso | <a href="https://revistas.udistrital.edu.co/index.php/infancias/article/view/9448">https://revistas.udistrital.edu.co/index.php/infancias/article/view/9448</a> |
| 902 ## - ELEMENTOS DE DATOS B LOCAL, LDB (RLIN) | |
| Creó | Gloria Jiménez/110225 |
| 905 ## - TIPO DE MATERIAL | |
| Tipo de material | Articulo |
| 942 ## - ELEMENTOS DE PUNTO DE ACCESO ADICIONAL (KOHA) | |
| Tipo de ítem Koha | Artículo Electrónico |
| Estado de retiro | Estado de pérdida | Estado dañado | No para préstamo | Código de colección | Localización permanente | Ubicación/localización actual | Ubicación en estantería | Fecha de adquisición | Total de préstamos | Fecha visto por última vez | Identificador Uniforme del Recurso | Precio válido a partir de | Tipo de ítem Koha |
|---|---|---|---|---|---|---|---|---|---|---|---|---|---|
| Acceso abierto | Bib. Gregorio Torres Quintero | Bib. Gregorio Torres Quintero | En línea | 11/02/2025 | 11/02/2025 | https://revistas.udistrital.edu.co/index.php/infancias/article/view/9448 | 11/02/2025 | Artículo Electrónico |
